Faculty of Law Library — Cairo University

Official Online Catalog

Federal antitrust laws; (Record no. 73535)

MARC details
000 -LEADER
fixed length control field 01161cam a2200337 i 4500
003 - CONTROL NUMBER IDENTIFIER
control field EG-GICUC
005 - DATE AND TIME OF LATEST TRANSACTION
control field 20260427080416.0
008 - FIXED-LENGTH DATA ELEMENTS--GENERAL INFORMATION
fixed length control field 700608s1968 mnu frb 000 0 eng d
040 ## - CATALOGING SOURCE
Original cataloging agency DLC
Transcribing agency DLC
Modifying agency DLC
-- EG-GICUC
Language of cataloging eng
Description conventions rda
043 ## - GEOGRAPHIC AREA CODE
Geographic area code n-us---
050 00 - LIBRARY OF CONGRESS CALL NUMBER
Classification number KF1648
Item number .O6 1968
082 00 - DEWEY DECIMAL CLASSIFICATION NUMBER
Classification number 347
Edition number 21
092 04 - LOCALLY ASSIGNED DEWEY CALL NUMBER (OCLC)
Edition number 21
099 ## - LOCAL FREE-TEXT CALL NUMBER (OCLC)
Classification number Law 13 1968
100 1# - MAIN ENTRY--PERSONAL NAME
Personal name Oppenheim, S. Chesterfield
Fuller form of name (Saul Chesterfield),
Dates associated with a name 1897-
245 10 - TITLE STATEMENT
Title Federal antitrust laws;
Remainder of title cases and comments,
Statement of responsibility, etc. by S. Chesterfield Oppenheim and Glen E. Weston, assisted by Richard W. Pogue.
250 ## - EDITION STATEMENT
Edition statement 3rd edition.
264 ## - PRODUCTION, PUBLICATION, DISTRIBUTION, MANUFACTURE, AND COPYRIGHT NOTICE
Place of production, publication, distribution, manufacture St. Paul,
Name of producer, publisher, distributor, manufacturer West Pub. Co.,
Date of production, publication, distribution, manufacture, or copyright notice 1968.
300 ## - PHYSICAL DESCRIPTION
Extent xxxvi, 952 pages
Dimensions 26 cm.
336 ## - CONTENT TYPE
Content type term text
Source rdacontent
337 ## - MEDIA TYPE
Media type term Computer
Source rdamedia
338 ## - CARRIER TYPE
Carrier type term Online Resource
Source rdacarrier
440 #0 - SERIES STATEMENT/ADDED ENTRY--TITLE
Title American casebook series
504 ## - BIBLIOGRAPHY, ETC. NOTE
Bibliography, etc. note Includes bibliographical references.
650 #0 - SUBJECT ADDED ENTRY--TOPICAL TERM
Topical term or geographic name entry element Trusts, Industrial
Geographic subdivision United States
General subdivision Cases.
650 #0 - SUBJECT ADDED ENTRY--TOPICAL TERM
Topical term or geographic name entry element Restraint of trade
Geographic subdivision United States
General subdivision Cases.
700 1# - ADDED ENTRY--PERSONAL NAME
Personal name Weston, Glen E.,
Relator term joint author.
856 40 - ELECTRONIC LOCATION AND ACCESS
Uniform Resource Identifier <a href="https://fll.law.cu.edu.eg/fulltext/bks/ENGB13-00078.pdf">https://fll.law.cu.edu.eg/fulltext/bks/ENGB13-00078.pdf</a>
905 ## - Cataloger and Reviser Names
Cataloger Name: Hend El khosy
942 ## - ADDED ENTRY ELEMENTS (KOHA)
Source of classification or shelving scheme Dewey Decimal Classification
Koha item type Books
Edition 21
Suppress in OPAC No
Holdings
Withdrawn status Lost status Source of classification or shelving scheme Damaged status Not for loan Collection Home library Current library Date acquired Total checkouts Full call number Barcode Date last seen Copy number Price effective from Koha item type Public note
    Dewey Decimal Classification     المالية العامة والتشريع الضريبي جــــامعة القــاهرة مكتبة كلية الحقوق - فـرع الشيخ زايد 27.04.2026   Law2 13 347 OP . E 3 ed - 1968 1300078 C1 ENGB13-00078 27.04.2026 1 27.04.2026 Books 2039

© All rights reserved — Faculty of Law, Cairo University